Catálogo
 En Linea

La Década Socialista : (Registro nro. 43419)

Detalles MARC
000 -CABECERA
campo de control de longitud fija 00729nam a2200205 a 4500
001 - NÚMERO DE CONTROL
campo de control 000043930
005 - FECHA Y HORA DE LA ÚLTIMA TRANSACCIÓN
campo de control 20201002045041.0
008 - DATOS DE LONGITUD FIJA--INFORMACIÓN GENERAL
campo de control de longitud fija 140509s1992 sp ac 000 0 spa d
020 ## - NÚMERO INTERNACIONAL ESTÁNDAR DEL LIBRO
Número Internacional Estándar del Libro 8423977048
040 ## - FUENTE DE LA CATALOGACIÓN
Centro catalogador/agencia de origen DO-SdBNP
Lengua de catalogación spa
Centro/agencia transcriptor BNPHU
245 13 - MENCIÓN DE TÍTULO
Título La Década Socialista :
Resto del título el ocaso de Felipe González /
Mención de responsabilidad, etc. coordinadores, Javier Tusell, Justino Sinova ; colaboradores, Antonio Alemany ... [et al.].
260 ## - PUBLICACIÓN, DISTRIBUCIÓN, ETC.
Lugar de publicación, distribución, etc. Madrid :,
Fecha de publicación, distribución, etc. 1992.
300 ## - DESCRIPCIÓN FÍSICA
Extensión 316 p. ;
Dimensiones 24 cm.
490 1# - MENCIÓN DE SERIE
Mención de serie Espasa hoy
500 ## - NOTA GENERAL
Nota general Incluye referencias bibliográdicas y notas al pie de las páginas
700 12 - PUNTO DE ACCESO ADICIONAL--NOMBRE DE PERSONA
Nombre de persona Tusell, Javier,
Fechas asociadas al nombre 1945-
9 (RLIN) 71858
700 12 - PUNTO DE ACCESO ADICIONAL--NOMBRE DE PERSONA
Nombre de persona Sinova, Justino
Fechas asociadas al nombre 1945-
9 (RLIN) 71859
700 12 - PUNTO DE ACCESO ADICIONAL--NOMBRE DE PERSONA
Nombre de persona Alemany, Antonio
9 (RLIN) 71860
830 #0 - PUNTO DE ACCESO ADICIONAL DE SERIE-TÍTULO UNIFORME
Título uniforme Espasa hoy
9 (RLIN) 5781
Existencias
Estado de retiro Estado de pérdida Restricciones de uso No para préstamo Código de colección Localización permanente Ubicación/localización actual Ubicación en estantería Fecha de adquisición Número de inventario Total de préstamos Signatura topográfica completa Código de barras Fecha visto por última vez Precio válido a partir de Tipo de ítem Koha
      Excluido de préstamo Monografías: Libros y Folletos General General En catalogación 09.05.2014 LF1   43930-10 25.06.2020 25.06.2020 No se presta

Con tecnología Koha